000 00635nam a22002057a 4500
005 20130521110115.0
010 _aENG-107173
020 _a9788180547843
_c400.00
035 _aEN-90706
037 _bDBAD/PUB
082 _a338.5024658
100 _aVarshney, R.L.
245 _aManagerial economics :
_cby R.L.Varshney [and] K.L.Maheshwari
_btext, problems and cases /
250 _a21st enl. ed
260 _aNew Delhi
_bSultan Chand
_c2012
270 _a23, Daryaganj
_bNew Delhi
_e110002
300 _avarious pagings :
_c25cm(pbk)
_bill.
700 _dMaheshwari ,K.L.
942 _2ddc
_cEN
_mVAR
_h338.5024658
999 _c75669
_d75669